000 00260nam a2200109Ia 4500
008 190216s9999||||xx |||||||||||||| ||und||
100 _aVenkiteswaran
245 0 _aRaveendra Natha Tagore
260 _bOrient Longman
650 _aJeeva Charithram
942 _cBK
999 _c23845
_d23845